[Event "Staatsliga B/West"]
[Site "Schwaz"]
[Date "1999.01.23"]
[Round "5.1.1"]
[White "Dobosz, Henryk"]
[Black "Acs, Peter"]
[Result "0-1"]
[WhiteElo "2405"]
[BlackElo "2500"]
[PlyCount "54"]
[EventDate "1998.10.17"]

1. c4 Nf6 2. Nf3 e6 3. e3 d5 4. b3 Be7 5. Bb2 O-O 6. g3 b6 7. Bg2 Bb7 8. O-O
Nbd7 9. Nc3 c5 10. Qe2 Rc8 11. d3 Qc7 12. Rad1 a6 13. Nd2 Bc6 14. f4 b5 15. f5
b4 16. fxe6 fxe6 17. Na4 Bd6 18. d4 cxd4 19. exd4 Bxa4 20. bxa4 dxc4 21. Qxe6+
Kh8 22. Nxc4 Qxc4 23. Qxd6 Qe2 24. g4 Rc2 25. Bf3 Qe3+ 26. Kh1 Ne4 27. Bc1 Nf2+
0-1

[Event "Staatsliga B/West"]
[Site "Schwaz"]
[Date "1999.01.23"]
[Round "5.1.2"]
[White "Bachmayr, Peter"]
[Black "Kranz, Armin"]
[Result "0-1"]
[WhiteElo "2375"]
[BlackElo "2185"]
[PlyCount "98"]
[EventDate "1998.10.17"]

1. d4 Nf6 2. Nf3 e6 3. c4 b6 4. a3 Ba6 5. Qa4 c5 6. Nc3 Bb7 7. Qd1 cxd4 8. Nxd4
a6 9. Bg5 Be7 10. Qc2 d6 11. e4 Nbd7 12. Be2 O-O 13. O-O Qc7 14. Rac1 Rac8 15.
Qb1 Qb8 16. f3 Bd8 17. Be3 Qa8 18. Rfd1 Bc7 19. Bf1 Kh8 20. Bf2 Rg8 21. Nc2 g5
22. h3 h5 23. Ne3 Ne5 24. Bg3 Ned7 25. Bxd6 Bxd6 26. Rxd6 g4 27. hxg4 hxg4 28.
Nxg4 Nxg4 29. Rxd7 Ne5 30. Rd3 Rcd8 31. Rcd1 Nxd3 32. Rxd3 Qc8 33. b4 Rxd3 34.
Qxd3 Qd8 35. Qe3 Rg7 36. Ne2 e5 37. g4 Rg6 38. Kg2 Qg5 39. Qc3 Qe7 40. Ng3 f6
41. Nf5 Qc7 42. c5 bxc5 43. bxc5 Rg8 44. Qc1 Rg5 45. Bc4 Qh7 46. Bd5 Bxd5 47.
exd5 Qxf5 48. Qe3 Qf4 49. Kf2 Rxg4 0-1

[Event "Staatsliga B/West"]
[Site "Schwaz"]
[Date "1999.01.23"]
[Round "5.1.3"]
[White "Genduso, Carmelo"]
[Black "Fuchs, Georg"]
[Result "1/2-1/2"]
[WhiteElo "2210"]
[BlackElo "2180"]
[PlyCount "49"]
[EventDate "1998.10.17"]

1. e4 e5 2. Nf3 Nf6 3. Nc3 Nc6 4. d4 exd4 5. Nxd4 Bb4 6. Nxc6 bxc6 7. Bd3 O-O
8. O-O d5 9. exd5 cxd5 10. Bg5 c6 11. Ne2 Rb8 12. Nd4 Bd7 13. c3 Bd6 14. Rb1 h6
15. Bh4 Re8 16. Qf3 g5 17. Bg3 g4 18. Qd1 Bxg3 19. hxg3 Ne4 20. Bxe4 dxe4 21.
Qd2 Qf6 22. Qe3 c5 23. Nb3 Bb5 24. Rfe1 Bd3 25. Rbd1 1/2-1/2

[Event "Staatsliga B/West"]
[Site "Schwaz"]
[Date "1999.01.23"]
[Round "5.1.4"]
[White "Ferrari, Josef"]
[Black "Welsh, Michael"]
[Result "1-0"]
[WhiteElo "2125"]
[BlackElo "2135"]
[PlyCount "63"]
[EventDate "1998.10.17"]

1. d4 Nf6 2. c4 g6 3. Nc3 Bg7 4. e4 d6 5. f3 O-O 6. Be3 e5 7. Nge2 exd4 8. Nxd4
Nc6 9. Qd2 Re8 10. Be2 Bd7 11. O-O-O Nh5 12. Nxc6 Bxc6 13. g4 Nf6 14. Bg5 Qe7
15. h4 Qf8 16. h5 h6 17. Bxf6 Bxf6 18. hxg6 fxg6 19. Rxh6 Qf7 20. Rdh1 Bg7 21.
R6h3 Be5 22. Kb1 Qf4 23. Rh8+ Kf7 24. R8h7+ Ke6 25. Qc2 Rac8 26. c5 Re7 27. Nd5
Bxd5 28. exd5+ Kf6 29. Rxe7 Kxe7 30. Qxg6 Rf8 31. Qe6+ Kd8 32. Rh7 1-0

[Event "Staatsliga B/West"]
[Site "Schwaz"]
[Date "1999.01.23"]
[Round "5.2.1"]
[White "Lanka, Zigurds"]
[Black "Kostic, Vladimir"]
[Result "1/2-1/2"]
[WhiteElo "2515"]
[BlackElo "2410"]
[PlyCount "69"]
[EventDate "1998.10.17"]

1. e4 c6 2. d4 d5 3. exd5 cxd5 4. c4 Nf6 5. Nc3 e6 6. Nf3 Be7 7. cxd5 Nxd5 8.
Bd3 Nc6 9. O-O O-O 10. Re1 Bf6 11. Be4 Nce7 12. Ne5 Bxe5 13. dxe5 Nxc3 14. bxc3
Qxd1 15. Rxd1 Nd5 16. Ba3 Re8 17. Rac1 b5 18. Bxd5 exd5 19. Rxd5 a6 20. Bd6 Be6
21. Rd2 Rec8 22. a3 Rc4 23. Rd4 Rxd4 24. cxd4 Rc8 25. Bc5 f6 26. Re1 Kf7 27. h3
f5 28. f3 Bd5 29. g4 Ke6 30. gxf5+ Kxf5 31. Kg2 Rc6 32. h4 Rh6 33. Be7 Rc6 34.
Bc5 Rh6 35. Be7 1/2-1/2

[Event "Staatsliga B/West"]
[Site "Schwaz"]
[Date "1999.01.23"]
[Round "5.2.2"]
[White "Amann, Guenter"]
[Black "Maiwald, Jens-Uwe"]
[Result "0-1"]
[WhiteElo "2260"]
[BlackElo "2425"]
[PlyCount "80"]
[EventDate "1998.10.17"]

1. d4 d6 2. Nf3 Nf6 3. g3 g6 4. Bg2 Bg7 5. c4 O-O 6. Nc3 Nc6 7. d5 Na5 8. Nd2
c5 9. O-O a6 10. Qc2 Rb8 11. b3 b5 12. Bb2 e6 13. e4 bxc4 14. bxc4 Ng4 15. h3
Ne5 16. Nd1 exd5 17. cxd5 c4 18. f4 Rxb2 19. Nxb2 c3 20. fxe5 cxb2 21. Rab1
Bxe5 22. g4 Qb6+ 23. Kh1 Bd7 24. Nf3 Rc8 25. Qf2 Qxf2 26. Rxf2 Rc1+ 27. Rf1 Rc2
28. Nxe5 dxe5 29. Kg1 Nc4 30. Rf2 Nd2 31. Bf1 Ba4 32. Rxd2 Rxd2 33. Bxa6 Kf8
34. Bc4 Bd1 35. Kf1 Bc2 36. Rxb2 Bd3+ 37. Bxd3 Rxb2 38. a4 Ra2 39. Bb5 Ke7 40.
Bc6 g5 0-1

[Event "Staatsliga B/West"]
[Site "Schwaz"]
[Date "1999.01.23"]
[Round "5.2.3"]
[White "Gross, David"]
[Black "Spiegel, Wilfried"]
[Result "1-0"]
[WhiteElo "2340"]
[BlackElo "2165"]
[PlyCount "68"]
[EventDate "1998.10.17"]

1. e4 e6 2. d4 d5 3. Nc3 Bb4 4. e5 c5 5. a3 Bxc3+ 6. bxc3 Ne7 7. Qg4 Qc7 8.
Qxg7 Rg8 9. Qxh7 cxd4 10. Ne2 Nbc6 11. f4 Bd7 12. Qd3 dxc3 13. Rb1 Nf5 14. g4
Rxg4 15. Bh3 Rg6 16. Bxf5 exf5 17. Nxc3 Ne7 18. Nb5 Bxb5 19. Qxb5+ Rc6 20. Qxb7
Qxb7 21. Rxb7 Rxc2 22. Bd2 Ra2 23. Rg1 a5 24. Rg3 Rc8 25. e6 Kf8 26. exf7 Kxf7
27. Re3 Re8 28. Bxa5 d4 29. Re5 Kf6 30. Rbxe7 Rxe7 31. Bd8 Ra1+ 32. Kd2 Ra2+
33. Kc1 Rxh2 34. Bxe7+ Kg6 1-0

[Event "Staatsliga B/West"]
[Site "Schwaz"]
[Date "1999.01.23"]
[Round "5.2.4"]
[White "Burschowsky, Matthias"]
[Black "Kleissl, Helmut"]
[Result "0-1"]
[WhiteElo "2160"]
[BlackElo "2300"]
[PlyCount "103"]
[EventDate "1998.10.17"]

1. c4 d6 2. Nc3 e5 3. Nf3 f5 4. d3 Nf6 5. g3 g6 6. Bg2 Bg7 7. O-O O-O 8. e4 Nc6
9. Be3 h6 10. exf5 gxf5 11. Nh4 Qe8 12. Nd5 Nxd5 13. Bxd5+ Be6 14. Qd2 f4 15.
gxf4 Bxd5 16. cxd5 Qh5 17. dxc6 Qxh4 18. f3 exf4 19. Bf2 Qh5 20. cxb7 Rab8 21.
Qb4 c5 22. Qe4 Kh8 23. Rac1 Rbe8 24. Qc6 Rg8 25. Kh1 d5 26. Bxc5 Re2 27. Bg1
Qh3 28. Qg6 Be5 29. b8=Q Bxb8 30. Bd4+ Be5 31. Bxe5+ Rxe5 32. Qf6+ Rg7 33. Rf2
Re2 34. Qxg7+ Kxg7 35. Rxe2 Qxf3+ 36. Rg2+ Kf6 37. Rcg1 Qxd3 38. a3 Qe4 39. Rd1
d4 40. b4 d3 41. b5 Ke5 42. Kg1 Qe3+ 43. Rf2 Kd4 44. a4 Kc4 45. Kf1 Qe4 46. Kg1
Qe3 47. Kf1 Kb4 48. Rb1+ Ka5 49. Ra1 h5 50. Rb1 Qe4 51. Kg1 d2 52. Rd1 0-1

[Event "Staatsliga B/West"]
[Site "Schwaz"]
[Date "1999.01.23"]
[Round "5.2.5"]
[White "Kupfner, Franz"]
[Black "Monz, Dieter"]
[Result "1/2-1/2"]
[WhiteElo "2160"]
[BlackElo "2070"]
[PlyCount "47"]
[EventDate "1998.10.17"]

1. d4 Nf6 2. Nf3 g6 3. c4 c5 4. Nc3 cxd4 5. Nxd4 Bg7 6. g3 O-O 7. Bg2 Nc6 8.
O-O Qb6 9. Nc2 d6 10. b3 Bd7 11. Bd2 Rfc8 12. h3 Rab8 13. e4 a6 14. Re1 Qd8 15.
a4 Ne8 16. Ra2 Nc7 17. Nd5 b5 18. cxb5 axb5 19. a5 Nxd5 20. exd5 Ne5 21. Bb4 g5
22. Nd4 Rc7 23. Rae2 Qc8 24. Kh2 1/2-1/2

[Event "Staatsliga B/West"]
[Site "Schwaz"]
[Date "1999.01.23"]
[Round "5.4.1"]
[White "Stangl, Markus"]
[Black "Pilz, Dieter"]
[Result "1/2-1/2"]
[WhiteElo "2545"]
[BlackElo "2260"]
[PlyCount "130"]
[EventDate "1998.10.17"]

1. Nf3 c5 2. c4 g6 3. d4 Bg7 4. e4 cxd4 5. Nxd4 Nc6 6. Nc2 Nf6 7. Nc3 O-O 8.
Be2 b6 9. O-O Bb7 10. Be3 d6 11. f3 Nd7 12. Qd2 Rc8 13. Rac1 Na5 14. Na3 Ne5
15. b3 f5 16. exf5 gxf5 17. Nd5 Ng6 18. Nb5 Nc6 19. Rfd1 Ba6 20. a4 Qd7 21. b4
Bxb5 22. axb5 Nce5 23. c5 bxc5 24. f4 Ng4 25. bxc5 Nxe3 26. Qxe3 e6 27. c6 Qf7
28. Nb4 d5 29. Bh5 Rfe8 30. Na6 d4 31. Qb3 e5 32. Qxf7+ Kxf7 33. fxe5 Bxe5 34.
c7 Re6 35. Rc5 Kf6 36. Bf3 Rb6 37. Bc6 Rxa6 38. bxa6 Rxc7 39. Rc4 Bf4 40. Bd5
Be3+ 41. Kf1 Rd7 42. Rc6+ Kg5 43. Be6 Re7 44. Rb1 Ne5 45. Rd6 Rc7 46. Bb3 Nc4
47. Bxc4 Rxc4 48. Rb2 Kf4 49. Ke2 Rc3 50. Rd7 Bg1 51. Rxh7 Ra3 52. g3+ Ke4 53.
Rh4+ Kd5 54. Kf1 Be3 55. Ke2 Rxa6 56. Rb5+ Kc4 57. Rxf5 Ra2+ 58. Kf3 Kd3 59.
Rd5 Rf2+ 60. Kg4 Ke2 61. Rh7 d3 62. Rhd7 d2 63. h4 Rf1 64. Rxd2+ Bxd2 65. Rxa7
Rf8 1/2-1/2

[Event "Staatsliga B/West"]
[Site "Schwaz"]
[Date "1999.01.23"]
[Round "5.4.2"]
[White "Netolitzky, Gregor"]
[Black "Reich, Thomas"]
[Result "0-1"]
[WhiteElo "2215"]
[BlackElo "2385"]
[PlyCount "118"]
[EventDate "1998.10.17"]

1. d4 g6 2. e4 d6 3. Nc3 Nf6 4. Nf3 Bg7 5. Be2 O-O 6. O-O c5 7. d5 e6 8. dxe6
Bxe6 9. Bf4 d5 10. exd5 Nxd5 11. Nxd5 Bxd5 12. c3 Nc6 13. Qd2 Re8 14. Rfd1 Qf6
15. Bg5 Qf5 16. Qxd5 Qxd5 17. Rxd5 Rxe2 18. Nd2 Re5 19. Rxe5 Nxe5 20. Ne4 h6
21. Be7 Re8 22. Nf6+ Bxf6 23. Bxf6 g5 24. Bxe5 Rxe5 25. Kf1 c4 26. b3 Ra5 27.
bxc4 Ra3 28. c5 Rxc3 29. Rb1 Rxc5 30. Rxb7 Rc1+ 31. Ke2 Rc2+ 32. Kf3 Rxa2 33.
g3 Ra4 34. h3 Kg7 35. Rc7 Kg6 36. Rc6+ Kg7 37. Rc7 h5 38. Kg2 g4 39. h4 Kg6 40.
Rc6+ f6 41. Rc7 Ra1 42. Rd7 a5 43. Ra7 a4 44. Ra6 a3 45. Ra5 f5 46. Ra6+ Kf7
47. Ra7+ Ke6 48. Ra5 Kd6 49. Rxf5 Rd1 50. Ra5 Rd3 51. Rxh5 Rd5 52. Rh6+ Kc5 53.
Ra6 Kb4 54. Ra8 Ra5 55. Rb8+ Ka4 56. Rb1 Rf5 57. h5 Rxh5 58. f3 a2 59. Ra1 Kb3
0-1

[Event "Staatsliga B/West"]
[Site "Schwaz"]
[Date "1999.01.23"]
[Round "5.4.3"]
[White "Micheli, Carlo"]
[Black "Fischler, Wolfgang"]
[Result "1-0"]
[WhiteElo "2250"]
[BlackElo "2275"]
[PlyCount "47"]
[EventDate "1998.10.17"]

1. e4 c5 2. Nf3 e6 3. c4 Nc6 4. Nc3 d6 5. g3 g6 6. d4 Bg7 7. Be3 Qa5 8. Qd2 a6
9. Bg2 Nf6 10. h3 O-O 11. O-O Nd7 12. Rfd1 Re8 13. a3 e5 14. b4 cxb4 15. axb4
Qd8 16. d5 Nd4 17. Nxd4 exd4 18. Bxd4 Ne5 19. Qe2 f5 20. f4 Nf7 21. Qf2 fxe4
22. Nxe4 Bf5 23. Bxg7 Bxe4 24. Bc3 1-0

[Event "Staatsliga B/West"]
[Site "Schwaz"]
[Date "1999.01.23"]
[Round "5.5.1"]
[White "Doskocil, Klaus"]
[Black "Novkovic, Milan"]
[Result "0-1"]
[WhiteElo "2180"]
[BlackElo "2400"]
[PlyCount "48"]
[EventDate "1998.10.17"]

1. e4 c5 2. c3 d5 3. exd5 Qxd5 4. d4 e6 5. Nf3 Nc6 6. Bd3 Nf6 7. O-O Be7 8. Na3
O-O 9. Nb5 Qd8 10. dxc5 Bxc5 11. Bg5 h6 12. Bh4 a6 13. Nbd4 Nxd4 14. cxd4 Be7
15. Qe2 Qb6 16. Rac1 Bd7 17. Bxf6 Bxf6 18. Qe4 g6 19. Qf4 Bg7 20. Ne5 Rad8 21.
Rc5 Be8 22. h3 Qxb2 23. Rd1 Qb4 24. Qh4 Rxd4 0-1

[Event "Staatsliga B/West"]
[Site "Schwaz"]
[Date "1999.01.23"]
[Round "5.5.3"]
[White "Bezler, Rainer"]
[Black "Poettinger, Harald"]
[Result "1/2-1/2"]
[WhiteElo "2225"]
[BlackElo "2270"]
[PlyCount "78"]
[EventDate "1998.10.17"]

1. e4 e6 2. d4 d5 3. Nc3 Nf6 4. Bg5 Be7 5. e5 Ng8 6. Bxe7 Nxe7 7. f4 c5 8. Nf3
cxd4 9. Nxd4 Nbc6 10. Bb5 O-O 11. Bxc6 Nxc6 12. Qd2 f6 13. exf6 Qxf6 14. Nde2
b5 15. O-O-O Rb8 16. g3 b4 17. Na4 Qd8 18. Kb1 Qa5 19. b3 Bd7 20. c4 bxc3 21.
Naxc3 Rb4 22. Qe3 Rfb8 23. f5 Qa3 24. Qc1 Qa5 25. Rd2 d4 26. Ne4 e5 27. g4 Qd5
28. N2g3 Na5 29. Rb2 Nc4 30. Qg5 Qf7 31. Rf2 Ne3 32. Rb2 Nd5 33. Rc1 Bb5 34.
Rc5 Bd3+ 35. Kc1 R4b6 36. Kd2 Bxe4 37. Nxe4 Nc3 38. Nxc3 dxc3+ 39. Rxc3 Qd5+
1/2-1/2

[Event "Staatsliga B/West"]
[Site "Schwaz"]
[Date "1999.01.23"]
[Round "5.5.4"]
[White "Dorner, Guenther"]
[Black "Maier, Peter"]
[Result "1-0"]
[WhiteElo "2085"]
[BlackElo "2085"]
[PlyCount "109"]
[EventDate "1998.10.17"]

1. e4 d5 2. exd5 Qxd5 3. Nc3 Qa5 4. d4 c6 5. Bc4 Bf5 6. Nf3 e6 7. O-O Nf6 8.
Re1 Be7 9. Bf4 O-O 10. a3 Re8 11. Ne5 Nbd7 12. g4 Bg6 13. h4 Nxe5 14. Rxe5 Qd8
15. h5 Bxc2 16. Qxc2 Qxd4 17. Ne2 Qb6 18. Be3 Qc7 19. Re4 Nxe4 20. Qxe4 Bf6 21.
Bd3 g6 22. Rb1 Rad8 23. hxg6 hxg6 24. Nf4 Qe5 25. Kg2 Qxe4+ 26. Bxe4 Bd4 27.
Bc1 f5 28. Bf3 Kg7 29. Ne2 Bf6 30. Be3 e5 31. gxf5 gxf5 32. Bxa7 e4 33. Bh5 Rh8
34. Nf4 Rd2 35. b3 Kf8 36. Ng6+ Kg7 37. Nxh8 Kxh8 38. Be3 Rd3 39. Bg6 Rd5 40.
Bf7 Ra5 41. a4 Be5 42. Rd1 f4 43. Bd4 Bxd4 44. Rxd4 Re5 45. Bc4 Re7 46. Rd6 f3+
47. Kg3 Rg7+ 48. Kf4 Rg2 49. Ke3 Rg1 50. Kxe4 Rb1 51. Rd8+ Kh7 52. Rd7+ Kh8 53.
Rxb7 Re1+ 54. Kxf3 Re3+ 55. Kxe3 1-0

[Event "Staatsliga B/West"]
[Site "Schwaz"]
[Date "1999.01.23"]
[Round "5.5.5"]
[White "Kleiser, Gregor"]
[Black "Heilinger, Dietmar"]
[Result "1-0"]
[WhiteElo "2150"]
[BlackElo "2180"]
[PlyCount "53"]
[EventDate "1998.10.17"]

1. b4 Nf6 2. Bb2 g6 3. c4 Bg7 4. Nf3 O-O 5. e3 d6 6. Be2 e5 7. d3 Nbd7 8. Nc3
h6 9. O-O Nh7 10. d4 exd4 11. exd4 a5 12. a3 b6 13. Re1 Bb7 14. Qd2 Re8 15.
Rad1 Nhf6 16. d5 Ng4 17. h3 Ngf6 18. Nd4 axb4 19. axb4 Ne4 20. Nxe4 Rxe4 21.
Bf1 Rxe1 22. Qxe1 b5 23. Bc3 Ra3 24. Nc6 Bxc6 25. Bxg7 Kxg7 26. dxc6 Ne5 27.
Qxe5+ 1-0

[Event "Staatsliga B/West"]
[Site "Schwaz"]
[Date "1999.01.23"]
[Round "5.5.6"]
[White "Tschohl, Christof"]
[Black "Stanojevic, Stanimir"]
[Result "1-0"]
[WhiteElo "2130"]
[BlackElo "2075"]
[PlyCount "43"]
[EventDate "1998.10.17"]

1. e4 c5 2. c3 e6 3. d4 d5 4. exd5 exd5 5. Be3 cxd4 6. Bxd4 Nc6 7. Bb5 Nf6 8.
Ne2 Be6 9. Nd2 Be7 10. Nf3 O-O 11. O-O Qa5 12. Ba4 b5 13. Bc2 Ne4 14. Nd2 Nd6
15. Nb3 Qc7 16. Nf4 Nc4 17. Qh5 h6 18. Nxe6 fxe6 19. Bxg7 Rf7 20. Bxh6 Bf8 21.
Qg6+ Kh8 22. Bg5 1-0

[Event "Staatsliga B/West"]
[Site "Schwaz"]
[Date "1999.01.24"]
[Round "6.1.1"]
[White "Acs, Peter"]
[Black "Novkovic, Milan"]
[Result "1/2-1/2"]
[WhiteElo "2500"]
[BlackElo "2400"]
[PlyCount "30"]
[EventDate "1998.10.17"]

1. e4 c6 2. d4 d5 3. exd5 cxd5 4. c4 Nf6 5. Nc3 e6 6. Nf3 Bb4 7. Bd3 dxc4 8.
Bxc4 O-O 9. O-O a6 10. a4 Bd7 11. Bg5 Bc6 12. Ne5 Nbd7 13. Qb3 Be7 14. Nxc6
bxc6 15. a5 Qc7 1/2-1/2

[Event "Staatsliga B/West"]
[Site "Schwaz"]
[Date "1999.01.24"]
[Round "6.1.2"]
[White "Von Hermann, Ulf"]
[Black "Bachmayr, Peter"]
[Result "1-0"]
[WhiteElo "2380"]
[BlackElo "2375"]
[PlyCount "84"]
[EventDate "1998.10.17"]

1. d4 d5 2. c4 e6 3. Nf3 c6 4. Nbd2 Nf6 5. e3 Nbd7 6. Bd3 Bd6 7. O-O O-O 8. e4
e5 9. cxd5 cxd5 10. exd5 exd4 11. Ne4 Ne5 12. Bg5 Bg4 13. Be2 Bxf3 14. Bxf3 Be7
15. d6 Bxd6 16. Nxf6+ gxf6 17. Bh6 Re8 18. Bxb7 Rb8 19. Ba6 Rxb2 20. a4 Bf8 21.
Bc1 Rb8 22. Bb5 Re7 23. Ra3 Ng6 24. Rh3 Qd5 25. f4 f5 26. Qh5 h6 27. Bd3 Rb3
28. Bxf5 Rxh3 29. Qxh3 Rc7 30. Bd2 d3 31. Qxd3 Qxd3 32. Bxd3 Rd7 33. Rf3 Bc5+
34. Kf1 Bd4 35. Bb5 Rc7 36. Rd3 Bg7 37. g3 h5 38. Ke2 h4 39. Kf3 hxg3 40. hxg3
Ne7 41. Rd8+ Bf8 42. Ba5 Rc1 1-0

[Event "Staatsliga B/West"]
[Site "Schwaz"]
[Date "1999.01.24"]
[Round "6.1.4"]
[White "Dorner, Guenther"]
[Black "Angerer, Helmut"]
[Result "1/2-1/2"]
[WhiteElo "2085"]
[BlackElo "2095"]
[PlyCount "86"]
[EventDate "1998.10.17"]

1. e4 e6 2. d4 b6 3. Bd3 Bb7 4. Nf3 Nf6 5. Qe2 Be7 6. O-O c5 7. c3 Nc6 8. a3
Na5 9. Nbd2 c4 10. Nxc4 Nxc4 11. Bxc4 Nxe4 12. Bd3 Nf6 13. Bf4 O-O 14. Rfe1 d6
15. Rad1 Qd7 16. h3 Bc6 17. Nd2 Rfd8 18. Ne4 Bxe4 19. Bxe4 Nxe4 20. Qxe4 d5 21.
Qe2 b5 22. Rd3 a5 23. Qg4 Ra6 24. Rg3 Bf8 25. Be5 f5 26. Qg5 Re8 27. h4 Re7 28.
h5 Rf7 29. Qf4 Qe8 30. Ree3 Rc6 31. Kh2 Rb7 32. Rg5 Rcb6 33. Reg3 b4 34. Bxg7
Rxg7 35. Rxg7+ Bxg7 36. h6 Rb7 37. Rxg7+ Rxg7 38. hxg7 bxc3 39. bxc3 a4 40. f3
Kxg7 41. Qc7+ Kg6 42. Kg3 h6 43. Kf4 Kf6 1/2-1/2

[Event "Staatsliga B/West"]
[Site "Schwaz"]
[Date "1999.01.24"]
[Round "6.1.5"]
[White "Fuerlinger, Harald"]
[Black "Heilinger, Dietmar"]
[Result "1/2-1/2"]
[WhiteElo "2150"]
[BlackElo "2180"]
[PlyCount "30"]
[EventDate "1998.10.17"]

1. d4 g6 2. e4 Bg7 3. Nc3 c6 4. Nf3 d5 5. Be2 dxe4 6. Nxe4 Nd7 7. O-O Ngf6 8.
Ng3 O-O 9. c4 Qc7 10. b3 e5 11. dxe5 Nxe5 12. Bb2 Nfg4 13. Nxe5 Nxe5 14. Qc2 c5
15. Rad1 Be6 1/2-1/2

[Event "Staatsliga B/West"]
[Site "Schwaz"]
[Date "1999.01.24"]
[Round "6.1.6"]
[White "Tschohl, Christof"]
[Black "Kondrak, Christof"]
[Result "1/2-1/2"]
[WhiteElo "2130"]
[BlackElo "2145"]
[PlyCount "81"]
[EventDate "1998.10.17"]

1. e4 c5 2. c3 Nf6 3. e5 Nd5 4. Nf3 Nc6 5. d4 cxd4 6. cxd4 e6 7. Nc3 d6 8. Nxd5
exd5 9. h3 dxe5 10. dxe5 Bb4+ 11. Bd2 Qa5 12. Bd3 Bxd2+ 13. Qxd2 Qxd2+ 14. Kxd2
O-O 15. Rhe1 Re8 16. Rac1 Bd7 17. a3 Rac8 18. b4 h6 19. Rc5 a5 20. b5 Nd4 21.
Rxd5 Nxf3+ 22. gxf3 Bxh3 23. b6 Red8 24. Rd6 Rxd6 25. exd6 Rd8 26. Kc3 Be6 27.
Rd1 f5 28. Bb5 Kf7 29. f4 Bd7 30. Bc4+ Be6 31. Bb5 Kf6 32. d7 Ke7 33. Re1 Kd6
34. Rd1+ Kc5 35. a4 g5 36. Re1 Kd6 37. Rd1+ Ke7 38. Re1 Kf6 39. fxg5+ hxg5 40.
Rd1 f4 41. f3 1/2-1/2

[Event "Staatsliga B/West"]
[Site "Schwaz"]
[Date "1999.01.24"]
[Round "6.2.1"]
[White "Pilz, Dieter"]
[Black "Doskocil, Klaus"]
[Result "1-0"]
[WhiteElo "2260"]
[BlackElo "2180"]
[PlyCount "95"]
[EventDate "1998.10.17"]

1. e4 c5 2. Nf3 e6 3. Nc3 Nc6 4. Bb5 Nge7 5. a4 a6 6. Bc4 d5 7. Ba2 d4 8. Ne2
Nb4 9. d3 Nxa2 10. Rxa2 Nc6 11. Bd2 b6 12. O-O Be7 13. Ng3 O-O 14. Ra1 e5 15.
h3 Be6 16. Nh2 Bg5 17. Nf3 Be7 18. Nf5 Bxf5 19. exf5 Qd5 20. Qe2 b5 21. Rfe1 f6
22. Nh2 Bd6 23. Nf1 c4 24. Ng3 Bb4 25. Ne4 Bxd2 26. Qxd2 Rfc8 27. Qe2 Kh8 28.
g4 cxd3 29. cxd3 Nb4 30. Red1 Rc2 31. Qf3 bxa4 32. g5 fxg5 33. f6 Rf8 34. Rxa4
a5 35. Qf5 g6 36. Qxg5 Nxd3 37. Qh6 Rf7 38. Ng5 Nxf2 39. Nxf7+ Qxf7 40. Rxa5
Rc8 41. Rda1 Qxf6 42. Ra8 Qf5 43. Rxc8+ Qxc8 44. Kxf2 e4 45. Qf4 e3+ 46. Kg3
Qd8 47. Ra7 Kg8 48. Qf7+ 1-0

[Event "Staatsliga B/West"]
[Site "Schwaz"]
[Date "1999.01.24"]
[Round "6.2.2"]
[White "Sucher, Johannes"]
[Black "Netolitzky, Gregor"]
[Result "1-0"]
[WhiteElo "2205"]
[BlackElo "2215"]
[PlyCount "103"]
[EventDate "1998.10.17"]

1. e4 e6 2. d4 d5 3. Nc3 Nf6 4. Bg5 dxe4 5. f3 e3 6. Bc4 Nbd7 7. Qd3 Nb6 8. Bb3
c5 9. Nge2 Bd7 10. dxc5 Bxc5 11. Ne4 Be7 12. Bxf6 gxf6 13. O-O-O Qc7 14. Qxe3
O-O-O 15. Rd3 Kb8 16. Qh6 Qe5 17. Rhd1 f5 18. Qh5 Qg7 19. Nd6 Rhf8 20. f4 Bc6
21. g3 Kc7 22. Nc4 Rxd3 23. Rxd3 Nxc4 24. Bxc4 Be4 25. Rb3 Rd8 26. Bd3 Bc6 27.
Bb5 Bxb5 28. Rxb5 a6 29. Rb3 Bf6 30. Qf3 b5 31. a4 Rd5 32. Qe3 Bd4 33. Nxd4
Qxd4 34. Qxd4 Rxd4 35. axb5 axb5 36. Rxb5 Ra4 37. Re5 Kd6 38. Re2 f6 39. c3 e5
40. Rf2 Ke6 41. Kc2 h5 42. Kd3 e4+ 43. Ke3 Ra7 44. Kd4 Kd6 45. b4 Kc6 46. Kc4
h4 47. Rd2 hxg3 48. hxg3 Rg7 49. b5+ Kb6 50. Rd6+ Kc7 51. Rxf6 Re7 52. Ra6 1-0

[Event "Staatsliga B/West"]
[Site "Schwaz"]
[Date "1999.01.24"]
[Round "6.2.3"]
[White "Fischler, Wolfgang"]
[Black "Bezler, Rainer"]
[Result "0-1"]
[WhiteElo "2275"]
[BlackElo "2225"]
[PlyCount "80"]
[EventDate "1998.10.17"]

1. e4 e5 2. Nf3 Nc6 3. Bb5 a6 4. Ba4 Nf6 5. O-O b5 6. Bb3 Be7 7. Re1 O-O 8. h3
d6 9. c3 Nd7 10. d3 Nb6 11. Nbd2 Na5 12. Bc2 c5 13. Nf1 Re8 14. Ng3 Bf8 15. d4
cxd4 16. cxd4 Bd7 17. b3 Nc6 18. Bb2 a5 19. Bd3 b4 20. Rc1 Rc8 21. Re2 exd4 22.
Nxd4 Ne5 23. Bb1 Rc5 24. Qd2 Ng6 25. Rd1 d5 26. Ndf5 dxe4 27. Bxe4 Qb8 28. Bd4
Rc7 29. Bb1 Rxe2 30. Nxe2 Be6 31. Qb2 f6 32. Ne3 Rd7 33. Rc1 Qd8 34. Bf5 Bxf5
35. Nxf5 Nd5 36. Bc5 Ndf4 37. Bxf8 Rd2 38. Qb1 Nxe2+ 39. Kf1 Nxc1 40. Qxc1 Rd1+
0-1

[Event "Staatsliga B/West"]
[Site "Schwaz"]
[Date "1999.01.24"]
[Round "6.2.4"]
[White "Maier, Peter"]
[Black "Hengl, Christian"]
[Result "0-1"]
[WhiteElo "2085"]
[BlackElo "2180"]
[PlyCount "60"]
[EventDate "1998.10.17"]

1. d4 f5 2. e4 fxe4 3. Nc3 Nf6 4. Bg5 Nc6 5. d5 Ne5 6. Qd4 Nf7 7. h4 d6 8.
O-O-O a6 9. Nxe4 c5 10. dxc6 bxc6 11. Re1 e5 12. Nf3 Be7 13. Qc3 Bd7 14. Bd3
O-O 15. Bxf6 gxf6 16. g4 d5 17. Nc5 Bxc5 18. Qxc5 e4 19. Bxe4 dxe4 20. Rxe4 Re8
21. Nd2 Qc7 22. Qe3 Rab8 23. Re1 Rxe4 24. Nxe4 Qe5 25. c3 Bxg4 26. f4 Qf5 27.
Rg1 h5 28. Qd4 Qxf4+ 29. Kb1 Kg7 30. Ka1 Rd8 0-1

[Event "Staatsliga B/West"]
[Site "Schwaz"]
[Date "1999.01.24"]
[Round "6.2.5"]
[White "Kapferer, Romed"]
[Black "Kleiser, Gregor"]
[Result "0-1"]
[WhiteElo "2080"]
[BlackElo "2150"]
[PlyCount "85"]
[EventDate "1998.10.17"]

1. e4 c5 2. d4 cxd4 3. c3 Nf6 4. e5 Nd5 5. cxd4 Nc6 6. Bc4 Nb6 7. Bb3 d5 8. Nc3
Bf5 9. Nge2 e6 10. O-O Be7 11. Ng3 Bg6 12. f4 Qd7 13. Be3 Nc4 14. Bxc4 dxc4 15.
d5 Nb4 16. dxe6 fxe6 17. Qxd7+ Kxd7 18. f5 Bxf5 19. Nxf5 exf5 20. Rad1+ Ke6 21.
Nb5 Rad8 22. Rxd8 Rxd8 23. Nd4+ Kxe5 24. Nxf5 Bf6 25. Bxa7 Nxa2 26. Bb6 Rd2 27.
Ne3 c3 28. Nc4+ Ke4 29. Nxd2+ cxd2 30. Ba5 Bd4+ 31. Kh1 Kd3 32. Rf3+ Kc2 33.
Bxd2 Kxd2 34. Ra3 Nc1 35. b4 Nd3 36. b5 b6 37. Ra8 Kc3 38. Rd8 Kc4 39. g3 Nc5
40. Kg2 Bf6 41. Rh8 h6 42. Kf3 Kxb5 43. Kg4 0-1

[Event "Staatsliga B/West"]
[Site "Schwaz"]
[Date "1999.01.24"]
[Round "6.4.1"]
[White "Kostic, Vladimir"]
[Black "Dirr, Ulrich"]
[Result "1/2-1/2"]
[WhiteElo "2410"]
[BlackElo "2275"]
[PlyCount "55"]
[EventDate "1998.10.17"]

1. d4 f5 2. e3 Nf6 3. c4 d6 4. Nf3 g6 5. Nc3 Bg7 6. Qc2 c6 7. Be2 Qc7 8. e4 e5
9. dxe5 dxe5 10. O-O O-O 11. Nd2 Na6 12. b3 Qe7 13. Bb2 f4 14. Na4 c5 15. a3
Ne8 16. Nc3 g5 17. Nd5 Qd6 18. Qd1 Nb8 19. Bg4 Nc6 20. Bxc8 Rxc8 21. Qg4 Nc7
22. Nf3 h6 23. Nxc7 Rxc7 24. h4 gxh4 25. Rfd1 Nd4 26. Nxh4 Kh7 27. Bxd4 cxd4
28. Rd3 1/2-1/2

[Event "Staatsliga B/West"]
[Site "Schwaz"]
[Date "1999.01.24"]
[Round "6.4.2"]
[White "Schmidlechner, Alexander"]
[Black "Amann, Guenter"]
[Result "1-0"]
[WhiteElo "2155"]
[BlackElo "2260"]
[PlyCount "97"]
[EventDate "1998.10.17"]

1. d4 Nf6 2. c4 g6 3. Nc3 Bg7 4. e4 d6 5. f4 O-O 6. Nf3 Na6 7. Bd3 e5 8. fxe5
dxe5 9. d5 c6 10. O-O cxd5 11. cxd5 Qb6+ 12. Kh1 Ne8 13. Qe2 Nd6 14. Be3 Qd8
15. Rac1 f5 16. Nd2 f4 17. Bg1 g5 18. Nb5 Nxb5 19. Bxb5 g4 20. Rc3 Qf6 21. Qc4
f3 22. d6+ Be6 23. Qxe6+ Qxe6 24. Bc4 Qxc4 25. Nxc4 b5 26. Ne3 Rf4 27. d7 Rd8
28. Rc8 Rff8 29. Rxd8 Rxd8 30. Rd1 Nb8 31. Nxg4 fxg2+ 32. Kxg2 a6 33. Rc1 Nxd7
34. Rd1 h5 35. Ne3 Bf6 36. Nd5 Rc8 37. Be3 Rc2+ 38. Rd2 Rxd2+ 39. Bxd2 Bd8 40.
Nb4 Nc5 41. Kf3 Kf7 42. Be3 Be7 43. Bxc5 Bxc5 44. Nxa6 Bd6 45. b4 Ke6 46. Kg3
Kf6 47. Nc5 Kg5 48. a3 Kf6 49. Nd7+ 1-0